Fifa 18 : les joueurs à 5 étoiles de gestes techniques - Statistiques

Statistiques générales
  • Ce quiz a été pris 302 fois
    266 depuis la dernière actualisation
  • Le résultat moyen est 12 sur 39
Statistiques - réponses
Général Nationalité Club Joueur % Correct
94 Portugal Real Madrid Cristiano Ronaldo
100%
92 Brésil Paris Saint Germain Neymar
100%
88 France Manchester United Paul Pogba
91%
84 Algérie Leicester City Riyad Mahrez
88%
84 Argentine Paris Saint Germain Ángel Di María
82%
85 France Bayern Munich Franck Ribéry
82%
83 France FC Barcelone Ousmane Dembélé
77%
88 Espagne Bayern Munich Thiago
74%
83 Colombie Juventus Turin Juan Cuadrado
72%
84 Brésil Juventus Turin Douglas Costa
68%
81 Pays Bas Olympique lyonnais Memphis Depay
66%
83 Portugal Besiktas Quaresma
65%
80 Cameroun FC Porto Vincent Aboubakar
29%
81 Italie AS Rome Stephan El Shaarawy
28%
81 Portugal Lazio Rome Nani
27%
77 RD Congo Everton Yannick Bolasie
24%
77 Maroc Southampton Sofiane Boufal
23%
81 Ukraine Borussia Dortmund Andriy Yarmolenko
20%
79 France Paris Saint Germain Hatem Ben Arfa
19%
82 Ukraine Shakhtar Donetsk Marlos
12%
73 Irlande Sunderland Aiden McGeady
9%
82 Portugal Sporting Portugal Gelson Martins
7%
78 Chili Necaxa Matías Fernández
6%
78 Norvège FC Bâle Mohamed Elyounoussi
6%
74 Roumanie 1.FSV Mayence Alexandru Maxim
5%
80 Argentine Impact Montreal Ignacio Piatti
5%
76 Belgique Celtic Charly Musonda
4%
75 Espagne Middlesbrough Adama
3%
76 Brésil CSKA Moscou Vitinho
3%
74 Brésil Al Qadisiyah Élton
2%
67 RD Congo Saint-Trond VV Jordan Botaka
1%
76 Chili Colo Colo Jorge Valdivia
1%
74 Pays Bas ADO La Haye Ricardo Kishna
1%
71 Egypte Al Raed Shikabala
1%
67 Belgique KRC Genk Benson Manuel
0%
76 Chili Al Ittihad Carlos Villanueva
0%
71 Géorgie FK Oural Giorgi Chanturia
0%
67 Brésil Philadelphia Union Ilsinho
0%
76 Argentine Racing Club Ricardo Centurión
0%
Aucun quiz correspondant
Distribution des résultats
% des personnes avec chaque résultat
Percentile par nombre de réponses
Votre historique - résultats
Vous n’avez pas pris ce quiz depuis la dernière actualisation